| 000 | 00684nam a2200193 a 4500 | ||
|---|---|---|---|
| 001 | 000023971 | ||
| 005 | 20200930022618.0 | ||
| 008 | 110117s1983 ag r 000 0 spa d | ||
| 020 | _a0871313499 | ||
| 040 |
_aDO-SdBNP _bspa _cBNPHU |
||
| 082 |
_axxxxxx _bS438l |
||
| 100 | 1 |
_aSeagrave, Sterling _949307 |
|
| 245 | 1 | 0 |
_aLluvia amarilla : _bun viaje a través del terror de la guerra química / _cSterling Seagrave ; traducción M. M. Prelooker. |
| 260 |
_aBuenos Aires, Argentina : _bTroquel, _c1983. |
||
| 300 |
_a383 p. ; _c22.5 cm. |
||
| 534 |
_aYellow rain. a journey through the terror of chemical warfare. _cNew York |
||
| 700 | 1 |
_aPrelooker, M. M., _etr. _949308 |
|
| 049 | _aBNGR | ||
| 999 |
_c23466 _d23466 |
||